000 00510nam a2200169 i 4500
001 55516
003 ES-MaACL
005 20230906163149.0
007 t|
008 030922s1912 it ||||1| ita d
100 1 _aDe Sanctis, Gaetano.
_9172287
245 1 0 _aAtthís
_b: storia della Repubblica ateniese : dalle origini alla etá di Pericle /
_cGaetano de Santis.
250 _a2ª ed.
260 _aTorino :
_b[s.n.],
_c1912 (
_fGuido Momo)
300 _aXII, 508 p. ;
_c24 cm.
852 _aES-MaACL
_jF-7519
999 _c55516
_d55516